000 01272nmc a2200457 a 4500
003 AR-BaBNM
005 20251128203936.0
008 265119s1990 ||||||||||||||000 | spa||
020 _a84-7046-115-X
040 _cAR-BaBNM
100 1 _aTraversoni, Alfredo
245 1 0 _aEl mundo entre dos guerras
250 _a2ª ed.
260 _aMadrid
_bCincel-Kapelusz
_c1990
300 0 _a80 p.
490 0 _aCuadernos de estudio. Historia universal
_vv. 30
504 _aContiene bibliografía
600 1 4 _aLenin, Vladimir Ilich
_d1870-1924
600 1 4 _aTrotsky, Leon
_d1879-1940
600 1 4 _aStalin, Iósif Vissariónovich
600 1 4 _aMussolini, Benito
600 1 4 _aHitler, Adolfo
650 4 _aPRIMERA GUERRA MUNDIAL
650 4 _aHISTORIA EUROPEA
650 4 _aCRISIS ECONOMICA
650 4 _aPOLITICA INTERNACIONAL
650 4 _aIGLESIA Y ESTADO
650 4 _aCOLONIALISMO
650 4 _aHISTORIA POLITICA
650 4 _aFASCISMO
650 4 _aRELACIONES INTERNACIONALES
650 4 _aCONFLICTO INTERNACIONAL
650 4 _aNAZISMO
650 4 _aSEGUNDA GUERRA MUNDIAL
650 4 _aCOMUNISMO
650 4 _aSOCIALISMO
653 0 _aREVOLUCION RUSA
800 1 _aTraversoni, Alfredo
_edirector
942 _cBK
998 _cHector
999 _c5554
_d5554